Dota 2 Hero Quiz - Statistics

General Stats
  • This quiz has been taken 254 times
  • The average score is 73 of 107
Answer Stats
Faction Attribute Name Answer % Correct
Radiant Strength Stone Giant Tiny
94%
Radiant Strength Davion Dragon Knight
92%
Radiant Strength Admiral Kunkka
92%
Radiant Agility Moon Rider Luna
89%
Dire Strength Butcher Pudge
87%
Radiant Strength Rogue Knight Sven
87%
Radiant Agility Princess of the Moon Mirana
86%
Radiant Strength Raigor Earthshaker
84%
Radiant Intelligence Slayer Lina
83%
Radiant Agility Stealth Assassin Riki
82%
Dire Strength Mogul Khan Axe
81%
Radiant Agility Traxex Drow Ranger
81%
Radiant Intelligence Twin Headed Dragon Jakiro
81%
Dire Strength N'aix Lifestealer
81%
Radiant Strength Purist Thunderwrath Omniknight
81%
Dire Agility Mortred Phantom Assassin
81%
Dire Agility Nevermore Shadow Fiend
81%
Radiant Intelligence Rylai Crystal Maiden
80%
Dire Strength Lucifer Doom
80%
Dire Strength Balanar Night Stalker
80%
Radiant Agility Magina Anti-Mage
79%
Radiant Strength Rattletrap Clockwerk
79%
Dire Agility The Geomancer Meepo
79%
Radiant Intelligence Raijin Thunderkeg Storm Spirit
79%
Dire Strength Leviathan Tidehunter
79%
Radiant Agility Gondar Bounty Hunter
78%
Radiant Agility Yurnero Juggernaut
77%
Radiant Intelligence The Faerie Dragon Puck
77%
Dire Agility The Lightning Revenant Razor
77%
Radiant Intelligence Rhasta Shadow Shaman
77%
Dire Strength Slithereen Guard Slardar
77%
Dire Strength Barathrum Spirit Breaker
77%
Radiant Agility Ulfsaar Ursa
77%
Dire Strength The Magnoceros Magnus
76%
Dire Agility Gorgon Medusa
76%
Radiant Strength Rooftrellen Treant Protector
76%
Radiant Intelligence Lord of Heaven Zeus
76%
Dire Strength Lord of Avernus Abaddon
75%
Radiant Strength Mangix Brewmaster
75%
Dire Agility The Bone Fletcher Clinkz
75%
Radiant Strength Sacred Warrior Huskar
75%
Radiant Agility Lanaya Templar Assassin
75%
Radiant Strength Io Wisp
75%
Dire Agility Black Arachnia Broodmother
74%
Dire Strength Nessaj Chaos Knight
74%
Radiant Agility Xin Ember Spirit
74%
Radiant Intelligence Ezalor Keeper of the Light
74%
Dire Agility The Netherdrake Viper
74%
Radiant Intelligence Furion Nature's Prophet
73%
Dire Strength Crixalis Sand King
73%
Radiant Agility Kardel Sniper
73%
Radiant Strength Razzil Darkbrew Alchemist
72%
Dire Intelligence Akasha Queen of Pain
72%
Dire Agility Strygwyr Bloodseeker
71%
Dire Intelligence The Demon Witch Lion
71%
Radiant Intelligence Grand Magus Rubick
71%
Dire Intelligence Shadow Priest Dazzle
70%
Radiant Strength Kaolin Earth Spirit
70%
Dire Intelligence Atropos Bane
69%
Radiant Strength Rigwarl Bristleback
69%
Radiant Strength Bradwarden Centaur Warrunner
69%
Dire Agility Anub'arak Nyx Assassin
69%
Radiant Agility Slithice Naga Siren
68%
Radiant Agility Azwraith Phantom Lancer
68%
Dire Intelligence Eredar Shadow Demon
68%
Radiant Intelligence Holy Knight Chen
67%
Dire Intelligence Carl Invoker
67%
Radiant Strength Icarus Phoenix
67%
Dire Agility The Nightcrawler Slark
67%
Dire Agility Mercurial Spectre
66%
Radiant Strength Ymir Tusk
66%
Dire Intelligence The Tormented Soul Leshrac
65%
Dire Intelligence Krobelus Death Prophet
63%
Radiant Agility Shendelzare Vengeful Spirit
63%
Radiant Strength Tresdin Legion Commander
62%
Dire Agility The Demon Marauder Terrorblade
62%
Radiant Agility Jah'rakal Troll Warlord
62%
Dire Intelligence Rotund'jere Necrophos
61%
Dire Intelligence Zharvakko Witch Doctor
61%
Dire Strength Banehallow Lycan
60%
Radiant Agility Sylla Lone Druid
59%
Radiant Intelligence Nortrum Silencer
59%
Dire Intelligence Oblivion Pugna
58%
Dire Agility Darkterror Faceless Void
57%
Dire Intelligence Harbringer Outworld Devourer
57%
Dire Strength Dirge Undying
57%
Radiant Intelligence Lyralei Windranger
57%
Radiant Intelligence Aiushtha Enchantress
55%
Radiant Intelligence Boush Tinker
55%
Dire Strength Ostarion Wraith King
55%
Dire Intelligence Necro'lic Visage
54%
Dire Intelligence Ish'Kafel Dark Seer
53%
Dire Intelligence Demnok Lannik Warlock
53%
Radiant Intelligence Aggron Stonebreak Ogre Magi
52%
Radiant Strength Rizzrack Timbersaw
52%
Radiant Intelligence Stormcaller Disruptor
51%
Dire Intelligence Darchrow Enigma
51%
Radiant Strength Karroch Beastmaster
48%
Dire Agility Lesrale Venomancer
47%
Dire Agility Skitskur Weaver
47%
Radiant Intelligence Dragonus Skywrath Mage
45%
Radiant Strength The Worldsmith Elder Titan
44%
Dire Intelligence Kaldr Ancient Apparition
43%
Dire Intelligence Ethreain Lich
43%
Radiant Agility Aurel Gyrocopter
38%
Radiant Agility N/A Morphling
37%
Dire Intelligence Jin'Zakk Batrider
33%
No matching quizzes found
Score Distribution
Percent of People with Each Score
Percentile by Number Answered
Your Score History
You have not taken this quiz